Birth Flowers Quiz Stats

 Plays Quiz Updated Jul 12, 2019

Score 0/12 Timer 03:00
1 Play Today
Month Flower % Correct
JuneRose
97.5%
AprilDaisy
71.5%
JulyLarkspur
70.3%
MayLily of the Valley
68.4%
JanuaryCarnation
48.8%
FebruaryViolet
44.2%
MarchDaffodil
42.2%
DecemberNarcissus
41.5%
NovemberChrysanthemum
23.3%
AugustGladiola
21.5%
OctoberCalendula
17.4%
SeptemberAster
15.3%

You're not logged in!

Compare scores with friends on all Sporcle quizzes.
OR
Log In

Sporcle TV

Today on Sporcle TV


Watch our educational content, quiz creation guides, and fun videos on Sporcle TV.

Show Comments

Extras

Top Quizzes Today


Score Distribution

Your Account Isn't Verified!

In order to create a playlist on Sporcle, you need to verify the email address you used during registration. Go to your Sporcle Settings to finish the process.

Report this User

Report this user for behavior that violates our Community Guidelines.

Details: